Statystyki dla Wszystkie dzielnice w GTA: Vice City

Kliknij tutaj aby rozwiązać quiz!

Ogólne statystyki

  • Ten quiz został rozwiązany 32 razy
  • Średni wynik to 7 z 12

Statystyki odpowiedzi

LokalizacjaNazwa dzielnicy% Poprawnych
Vice City MainlandMała Hawana
90%
Vice City MainlandMałe Haiti
85%
WyspaWyspa Starfish
80%
Vice City BeachWashington Beach
70%
Vice City MainlandDowntown
65%
Vice City BeachVice Point
65%
Vice City MainlandLotnisko Escobar
55%
WyspaWyspa Prawn
55%
Vice City BeachOcean Beach
50%
Vice City MainlandViceport
45%
InneLeaf Links
40%
Vice City MainlandFort Baxter
25%

Rozkład punktacji

Percentyl według liczby udzielonych odpowiedzi

Procent ludzi z każdym wynikiem

Twoja historia wyników

Nie rozwiązałeś tego quizu